000 00459cam a2200193u 4500
001 5937311
005 20180208033845.0
008 830617s1929 nyuaf 000 0 eng
010 _a 30012328
040 _aDLC
_cCarP
_dDLC
041 _aeng
080 _a821
082 _2821 WIS
100 1 _a21
101 _aGJL
245 1 4 _aThe Virginian,
906 _a0
_bcbc
_cpremunv
_du
_encip
_f19
_gy-gencatlg
942 _2ddc
_cBK
999 _c42073
_d42073